000 00688nam a22002177a 4500
999 _c95375
_d95375
005 20260421153948.0
008 260420b ||||| |||| 00| 0 eng d
020 _a9798891614499
041 _aeng
082 0 0 _223
_a647.94068
100 1 _aFoster, Noah,
_eauthor.
245 1 0 _aHousekeeping operations /
_cNoah Foster.
264 1 _aJersey City, USA :
_bAlexis Press, LLC,
_c2025.
300 _ax, 316 pages :
_bcolor illustrations ;
_c27 cm
336 _2rdacontent
_atext
_btxt
337 _2rdamedia
_aunmediated
_bn
338 _2rdacarrier
_avolume
_bnc
504 _aIncludes bibliographical references and index.
650 0 _aHotel housekeeping.
_xManagement
942 _2ddc
_cBK